| 000 | 00465nam a2200181Ia 4500 | ||
|---|---|---|---|
| 008 | 230711s9999||||xx |||||||||||||| ||und|| | ||
| 020 | _a978-81-8296-351-1 | ||
| 041 | _aENG | ||
| 082 |
_a574.192 _bGH-P |
||
| 100 | _aGupta,S.K | ||
| 245 | 0 | _aManual of practical bioChemistry for MBBS student | |
| 250 | _a2nd Ed. | ||
| 260 |
_c2016 _aNew Delhi _bArya Publishing Company |
||
| 300 | _a224p. | ||
| 650 | _aPharmacy | ||
| 700 | _aGhalaut,Veena Singh | ||
| 942 | _cBK | ||
| 999 |
_c7106 _d7106 |
||